[Event "Candidates Blitz"]
[Site "Toronto CAN"]
[Date "2024.04.08"]
[Round "4.3"]
[White "Vettese, Nicholas"]
[Black "Cheparinov, Ivan"]
[Result "0-1"]
[WhiteElo "2206"]
[BlackElo "2638"]
[PlyCount "99"]
[GameId "2160767905997827"]
[EventDate "2024.04.08"]
[EventType "swiss (blitz)"]
[EventRounds "9"]
[EventCountry "CAN"]
[SourceTitle "10 Days #756"]
[Source "ChessMix "]
[SourceDate "2024.04.20"]
[SourceVersion "1"]
[SourceVersionDate "2024.04.20"]
[SourceQuality "1"]

1. e4 c5 2. Nf3 d6 3. d4 cxd4 4. Nxd4 Nf6 5. Nc3 a6 6. Nb3 e6 7. g4 b5 8. Bg2 Bb7 9. g5 Nfd7 10. f4 Be7 11. h4 b4 12. Ne2 Nc6 13. Be3 h6 14. g6 Bxh4+ 15. Kf1 fxg6 16. Qxd6 Nf8 17. e5 Rc8 18. Nc5 Ba8 19. Rd1 Be7 20. Qxd8+ Nxd8 21. Bxa8 Rxa8 22. Ne4 Nb7 23. Nd4 Rc8 24. Rh2 Kf7 25. Ke2 Nd7 26. Rg1 Rhd8 27. Rhg2 Nf8 28. c3 bxc3 29. bxc3 Nc5 30. Nxc5 Rxc5 31. Kd2 Rdc8 32. Ne2 Ra5 33. Ra1 Nd7 34. Nd4 Nc5 35. Ke2 Ne4 36. Bd2 Rac5 37. Rag1 Nxd2 38. Rxg6 Ne4 39. Rxg7+ Ke8 40. Nxe6 Rxc3 41. f5 R8c6 42. Rg8+ Kd7 43. Rd1+ Nd6 44. exd6 Rxd6 45. Rxd6+ Kxd6 46. Rg6 Ke5 47. Ng7 Bf6 48. Ne8 Bg5 49. f6 Ke6 50. Rg8 0-1

[Event "Candidates Blitz"]
[Site "Toronto CAN"]
[Date "2024.04.08"]
[Round "5.9"]
[White "Zhou, Qiyu"]
[Black "Vettese, Nicholas"]
[Result "0-1"]
[WhiteElo "2201"]
[BlackElo "2206"]
[PlyCount "60"]
[GameId "2160767905997845"]
[EventDate "2024.04.08"]
[EventType "swiss (blitz)"]
[EventRounds "9"]
[EventCountry "CAN"]
[SourceTitle "10 Days #756"]
[Source "ChessMix "]
[SourceDate "2024.04.20"]
[SourceVersion "1"]
[SourceVersionDate "2024.04.20"]
[SourceQuality "1"]

1. e4 c5 2. Nf3 e6 3. d4 cxd4 4. Nxd4 Nc6 5. Nc3 Qc7 6. a3 Nf6 7. Be3 Be7 8. Be2 O-O 9. O-O a6 10. Qd2 Ne5 11. f4 Nc4 12. Bxc4 Qxc4 13. e5 Ng4 14. Ne4 b5 15. b3 Qc7 16. h3 Nxe3 17. Qxe3 Bb7 18. Rad1 Bxa3 19. Ng5 h6 20. Ngf3 d6 21. f5 exf5 22. e6 Bc5 23. exf7+ Qxf7 24. Qf4 Rae8 25. Kh1 Re4 26. Qg3 f4 27. Qf2 Re3 28. Rd3 Rxd3 29. cxd3 Bxf3 30. gxf3 Qf6 0-1

[Event "Candidates Blitz"]
[Site "Toronto CAN"]
[Date "2024.04.08"]
[Round "6.10"]
[White "Vettese, Nicholas"]
[Black "Gavrilin, Roman"]
[Result "0-1"]
[WhiteElo "2206"]
[BlackElo "2185"]
[PlyCount "114"]
[GameId "2160767905997858"]
[EventDate "2024.04.08"]
[EventType "swiss (blitz)"]
[EventRounds "9"]
[EventCountry "CAN"]
[SourceTitle "10 Days #756"]
[Source "ChessMix "]
[SourceDate "2024.04.20"]
[SourceVersion "1"]
[SourceVersionDate "2024.04.20"]
[SourceQuality "1"]

1. e4 c5 2. Nf3 d6 3. d4 cxd4 4. Nxd4 Nf6 5. Nc3 a6 6. Nb3 e6 7. g4 b5 8. Bg2 Bb7 9. g5 Nfd7 10. f4 Nc6 11. h4 Qc7 12. Be3 Nb6 13. Qe2 Nc4 14. a4 Nxe3 15. Qxe3 b4 16. Ne2 Na5 17. Nxa5 Qxa5 18. h5 Rc8 19. O-O Qc5 20. Qxc5 Rxc5 21. c3 bxc3 22. Nxc3 h6 23. g6 Rxh5 24. gxf7+ Kxf7 25. Rac1 Be7 26. Ne2 Rc5 27. Rxc5 dxc5 28. f5 exf5 29. Rxf5+ Ke8 30. Nf4 Rf8 31. Ne6 Rf7 32. Nc7+ Kf8 33. Ne6+ Kg8 34. Kf2 Rxf5+ 35. exf5 Bxg2 36. Kxg2 Kf7 37. Nc7 a5 38. Nd5 Bf6 39. b3 Bd4 40. Kf3 g6 41. fxg6+ Kxg6 42. Ne7+ Kg5 43. Nc6 Bc3 44. Nd8 Kf5 45. Nb7 Bb4 46. Nd6+ Ke5 47. Nb5 h5 48. Ke3 h4 49. Kf3 h3 50. Kg3 Ke4 51. Kxh3 Kd3 52. Kg3 Kc2 53. Kf3 Kxb3 54. Ke2 Kxa4 55. Nd6 Kb3 56. Kd1 a4 57. Kc1 a3 0-1

[Event "Candidates Blitz"]
[Site "Toronto CAN"]
[Date "2024.04.08"]
[Round "7.11"]
[White "Puri, Vinny"]
[Black "Vettese, Nicholas"]
[Result "0-1"]
[WhiteElo "2214"]
[BlackElo "2206"]
[PlyCount "42"]
[GameId "2160767906006063"]
[EventDate "2024.04.08"]
[EventType "swiss (blitz)"]
[EventRounds "9"]
[EventCountry "CAN"]
[SourceTitle "10 Days #756"]
[Source "ChessMix "]
[SourceDate "2024.04.20"]
[SourceVersion "1"]
[SourceVersionDate "2024.04.20"]
[SourceQuality "1"]

1. d4 Nf6 2. c4 g6 3. Nc3 Bg7 4. e4 d6 5. f3 O-O 6. Be3 c6 7. Qd2 a6 8. O-O-O b5 9. Kb1 Nbd7 10. Bh6 Rb8 11. Bxg7 Kxg7 12. e5 Ne8 13. h4 bxc4 14. h5 g5 15. Qxg5+ Kh8 16. Bxc4 Qa5 17. Nge2 dxe5 18. Qxe7 exd4 19. Rxd4 Nef6 20. Rhd1 Qb4 21. Bb3 Qxe7 0-1

[Event "Candidates Blitz"]
[Site "Toronto CAN"]
[Date "2024.04.08"]
[Round "8.7"]
[White "Vettese, Nicholas"]
[Black "Mao, Fengxi"]
[Result "1-0"]
[WhiteElo "2206"]
[BlackElo "2132"]
[PlyCount "39"]
[GameId "2160767906006071"]
[EventDate "2024.04.08"]
[EventType "swiss (blitz)"]
[EventRounds "9"]
[EventCountry "CAN"]
[SourceTitle "10 Days #756"]
[Source "ChessMix "]
[SourceDate "2024.04.20"]
[SourceVersion "1"]
[SourceVersionDate "2024.04.20"]
[SourceQuality "1"]

1. d4 Na6 2. e4 c6 3. Nf3 Nc7 4. Bd3 d5 5. Nbd2 dxe4 6. Nxe4 Nf6 7. O-O Bg4 8. c3 Nxe4 9. Bxe4 e6 10. Qb3 Nb5 11. Ne5 Bh5 12. Nxc6 Qb6 13. Nxa7 Rxa7 14. Bd3 Bd6 15. Bxb5+ Ke7 16. c4 Qxd4 17. Be3 Qh4 18. g3 Qh3 19. Bxa7 Bf3 20. Qxf3 1-0

[Event "CAN-ch"]
[Site "Toronto CAN"]
[Date "2024.03.27"]
[Round "1.25"]
[White "Vettese, Nicholas"]
[Black "Ajith, Aayush"]
[Result "1-0"]
[WhiteElo "2206"]
[BlackElo "1959"]
[PlyCount "51"]
[GameId "2160767906027149"]
[EventDate "2024.03.27"]
[EventType "swiss"]
[EventRounds "10"]
[EventCountry "CAN"]

1. c4 Nf6 2. g3 e5 3. Bg2 Nc6 4. Nc3 Bb4 5. Nd5 Nxd5 6. cxd5 Ne7 7. Nf3 Bd6 8. e4 O-O 9. d4 f6 10. dxe5 Bxe5 11. Nxe5 fxe5 12. d6 Nc6 13. O-O cxd6 14. Qxd6 Qb6 15. Be3 Qxb2 16. Rfc1 Rf6 17. Qd5+ Kh8 18. Bf1 d6 19. Rab1 Qa3 20. Rxc6 Be6 21. Qxd6 Qa4 22. Rc7 Qxe4 23. Rcxb7 Bxa2 24. Rb8+ Bg8 25. Qd8 Rxb8 26. Rxb8 1-0

[Event "CAN-ch"]
[Site "Toronto CAN"]
[Date "2024.03.28"]
[Round "2.8"]
[White "Plotkin, Mark"]
[Black "Vettese, Nicholas"]
[Result "0-1"]
[WhiteElo "2344"]
[BlackElo "2206"]
[PlyCount "72"]
[GameId "2160767906027165"]
[EventDate "2024.03.27"]
[EventType "swiss"]
[EventRounds "10"]
[EventCountry "CAN"]

1. e4 c5 2. Nf3 d6 3. d4 cxd4 4. Nxd4 Nf6 5. Nc3 a6 6. Bc4 e6 7. O-O Be7 8. Be3 O-O 9. f4 d5 10. exd5 exd5 11. Bb3 Nc6 12. Kh1 Na5 13. Qf3 Nc4 14. f5 Re8 15. Bg5 h6 16. Bf4 Bc5 17. Rad1 Nxb2 18. Rd2 Bb4 19. a3 Ba5 20. g4 Nc4 21. Bxc4 Bxc3 22. Rdd1 Bxd4 23. Rxd4 Qb6 24. Rxd5 Nxd5 25. Bxd5 Bd7 26. Bxf7+ Kxf7 27. Qd5+ Be6 28. fxe6+ Qxe6 29. Bd6+ Kg6 30. Qf5+ Qxf5 31. gxf5+ Kf7 32. c4 Rad8 33. c5 Rd7 34. Rf3 b6 35. Kg2 Re2+ 36. Kg3 Rc2 0-1

[Event "CAN-ch"]
[Site "Toronto CAN"]
[Date "2024.03.28"]
[Round "3.4"]
[White "Vettese, Nicholas"]
[Black "Le, Quang Long"]
[Result "1-0"]
[WhiteElo "2206"]
[BlackElo "2403"]
[PlyCount "71"]
[GameId "2160767906027194"]
[EventDate "2024.03.27"]
[EventType "swiss"]
[EventRounds "10"]
[EventCountry "CAN"]

1. e4 c5 2. Nf3 Nc6 3. d4 cxd4 4. Nxd4 e5 5. Nb5 d6 6. g3 g6 7. N1c3 a6 8. Na3 Be6 9. Nd5 Bxd5 10. Qxd5 Nf6 11. Qb3 b5 12. Bg2 h6 13. O-O Bg7 14. Qd3 O-O 15. c3 Qc7 16. Nc2 Na5 17. Rd1 Rfd8 18. Ne3 Rac8 19. h4 Qc6 20. h5 Nxh5 21. Nd5 Qe8 22. Qf3 Nc6 23. Bh3 Rb8 24. Bg4 Ne7 25. Bxh5 Nxd5 26. Rxd5 gxh5 27. Qxh5 Qe6 28. Be3 Bf8 29. Kg2 Qg6 30. Qf3 Rdc8 31. Rh1 Rc4 32. Rh4 h5 33. Rxh5 Be7 34. b3 Rxe4 35. Rxd6 f6 36. Rg5 1-0

[Event "CAN-ch"]
[Site "Toronto CAN"]
[Date "2024.03.29"]
[Round "4.2"]
[White "Rodrigue-Lemieux, Shawn"]
[Black "Vettese, Nicholas"]
[Result "1-0"]
[WhiteElo "2506"]
[BlackElo "2206"]
[PlyCount "65"]
[GameId "2160767906027223"]
[EventDate "2024.03.27"]
[EventType "swiss"]
[EventRounds "10"]
[EventCountry "CAN"]

1. c4 Nf6 2. g3 g6 3. Bg2 Bg7 4. Nc3 O-O 5. e4 e5 6. Nge2 Nc6 7. O-O d6 8. d3 a6 9. h3 b5 10. Be3 bxc4 11. dxc4 Rb8 12. Qd2 Nd7 13. Nd5 Nc5 14. Rac1 f5 15. exf5 gxf5 16. b3 Ne6 17. c5 dxc5 18. Bxc5 Rf7 19. Be3 Bb7 20. Qc2 f4 21. gxf4 Ncd4 22. Bxd4 Nxd4 23. Nxd4 exd4 24. Qc4 Qd6 25. f5 Kh8 26. Ne3 dxe3 27. Qxf7 exf2+ 28. Rxf2 Bd4 29. Bxb7 Rf8 30. Qxc7 Bxf2+ 31. Kxf2 Rxf5+ 32. Kg1 Qd4+ 33. Kh1 1-0

[Event "CAN-ch"]
[Site "Toronto CAN"]
[Date "2024.03.30"]
[Round "5"]
[White "Vettese, Nicholas"]
[Black "Cummings, David"]
[Result "1-0"]
[WhiteElo "2206"]
[BlackElo "2333"]
[PlyCount "71"]
[GameId "2160767906027253"]
[EventDate "2024.03.27"]
[EventType "swiss"]
[EventRounds "10"]
[EventCountry "CAN"]
[SourceTitle "CBM 219 Extra"]
[Source "ChessBase"]
[SourceDate "2024.05.31"]
[SourceVersion "1"]
[SourceVersionDate "2024.05.31"]
[SourceQuality "1"]

1. e4 c6 2. d4 d5 3. e5 Bf5 4. h4 h5 5. c4 e6 6. Nc3 Bb4 7. Qb3 a5 8. c5 b6 9. a3 Bxc3+ 10. Qxc3 Nd7 11. b4 axb4 12. axb4 Rxa1 13. Qxa1 bxc5 14. bxc5 Ne7 15. Be2 f6 16. exf6 gxf6 17. Nh3 e5 18. dxe5 fxe5 19. Nf4 Qb8 20. O-O Nf6 21. Bb2 d4 22. Re1 Kf7 23. Nd3 Ng6 24. Nxe5+ Nxe5 25. Bxd4 Neg4 26. Bc4+ Kg6 27. g3 Re8 28. Rd1 Ne5 29. Qc1 Nf3+ 30. Kg2 Be4 31. Bxf6 Nd2+ 32. f3 Bxf3+ 33. Kh2 Ne4 34. Rd6 Qb7 35. Bg7+ Nxd6 36. Qg5+ 1-0

[Event "CAN-ch"]
[Site "Toronto CAN"]
[Date "2024.03.30"]
[Round "6.3"]
[White "Preotu, Razvan"]
[Black "Vettese, Nicholas"]
[Result "0-1"]
[WhiteElo "2467"]
[BlackElo "2206"]
[PlyCount "80"]
[GameId "2160767906027288"]
[EventDate "2024.03.27"]
[EventType "swiss"]
[EventRounds "10"]
[EventCountry "CAN"]

1. e4 e5 2. Nf3 Nc6 3. Bc4 Bc5 4. c3 Nf6 5. d3 d6 6. O-O O-O 7. Re1 h6 8. b4 Bb6 9. Nbd2 Re8 10. h3 Be6 11. a4 a6 12. Bxe6 Rxe6 13. Qc2 Ne7 14. Nf1 Ng6 15. Ng3 Nh7 16. a5 Ba7 17. d4 Ng5 18. Nxg5 hxg5 19. Be3 Nf4 20. Rad1 Qe8 21. d5 Rh6 22. Nf5 Rh7 23. Bxa7 Rxa7 24. f3 Qd7 25. c4 g6 26. Ne3 Kg7 27. c5 Ra8 28. c6 bxc6 29. dxc6 Qe6 30. Nd5 Nxh3+ 31. gxh3 Rxh3 32. Rd2 Rah8 33. Rg2 Rxf3 34. Re3 Rxe3 35. Nxe3 Qh3 36. Kf2 Rh4 37. Ke2 Rf4 38. Qd3 Qf3+ 39. Ke1 Rxe4 40. Re2 Qg3+ 0-1

[Event "CAN-ch"]
[Site "Toronto CAN"]
[Date "2024.03.31"]
[Round "7.1"]
[White "Thavandiran, Shiyam"]
[Black "Vettese, Nicholas"]
[Result "1/2-1/2"]
[WhiteElo "2347"]
[BlackElo "2206"]
[PlyCount "85"]
[GameId "2160767906027317"]
[EventDate "2024.03.27"]
[EventType "swiss"]
[EventRounds "10"]
[EventCountry "CAN"]

1. e4 c5 2. Nf3 d6 3. d4 cxd4 4. Nxd4 Nf6 5. Nc3 a6 6. a4 g6 7. Be2 Bg7 8. O-O Nc6 9. Be3 O-O 10. Qd2 Re8 11. Rfd1 Bd7 12. f3 Qc7 13. Nxc6 bxc6 14. a5 c5 15. Bc4 Reb8 16. Bg5 Be6 17. b3 Bxc4 18. bxc4 e6 19. Na4 Nd7 20. Ra2 Ra7 21. Bf4 Bd4+ 22. Kh1 Rab7 23. c3 Be5 24. Bxe5 Nxe5 25. Nb6 Nc6 26. h4 Nxa5 27. Qxd6 Qxd6 28. Rxd6 Rxb6 29. Rxb6 Rxb6 30. Rxa5 Rc6 31. e5 Kf8 32. Kh2 Ke7 33. Kg3 h6 34. Kf4 Kd7 35. h5 Kc7 36. hxg6 fxg6 37. Ra1 Rb6 38. Rh1 Rb2 39. Rxh6 Rxg2 40. Rh7+ Kd8 41. Rh8+ Kc7 42. Rh7+ Kd8 43. Rh8+ 1/2-1/2

[Event "CAN-ch"]
[Site "Toronto CAN"]
[Date "2024.04.01"]
[Round "8.2"]
[White "Vettese, Nicholas"]
[Black "Panjwani, Raja"]
[Result "0-1"]
[WhiteElo "2206"]
[BlackElo "2468"]
[PlyCount "164"]
[GameId "2160767906027347"]
[EventDate "2024.03.27"]
[EventType "swiss"]
[EventRounds "10"]
[EventCountry "CAN"]

1. e4 d6 2. d4 Nf6 3. Nc3 e5 4. Nf3 Nbd7 5. h3 c6 6. g4 h6 7. Bg2 b5 8. O-O Be7 9. Ne2 Qc7 10. Ng3 g6 11. Be3 Nb6 12. b3 Bb7 13. Ne1 exd4 14. Qxd4 O-O-O 15. a4 bxa4 16. bxa4 Ba6 17. Nd3 Nfd7 18. Rab1 Bf6 19. Qb4 Nc4 20. Bc1 Qb6 21. Rd1 Qxb4 22. Nxb4 Bb7 23. e5 dxe5 24. Nxc6 Bxc6 25. Bxc6 Nc5 26. Rd5 Be7 27. Rxd8+ Rxd8 28. Bxh6 Kc7 29. Bg2 Na3 30. Re1 Nxc2 31. Rxe5 Bd6 32. Re2 Nd4 33. Rb2 Be5 34. Rb4 f5 35. Rc4 Kb6 36. Bg5 Rd7 37. Rb4+ Kc7 38. gxf5 gxf5 39. h4 f4 40. Rc4 Kb6 41. Ne4 Nce6 42. Nf6 Rg7 43. Nd5+ Ka5 44. Nxf4 Bxf4 45. Bf6 Rc7 46. Bd8 Ne2+ 47. Kf1 Nxd8 48. Rxc7 Bxc7 49. Kxe2 Kxa4 50. Bd5 Kb5 51. Kf3 Bb6 52. h5 Kc5 53. Ke4 Ba5 54. h6 Kd6 55. Ba2 Bc3 56. Kf5 Ke7 57. f4 Nf7 58. h7 Nd6+ 59. Kg4 Kf8 60. Kf3 Kg7 61. Bb1 Ne8 62. Ke3 Nf6 63. Kd3 Ba1 64. Kc4 Nxh7 65. Kb5 Nf6 66. Ka6 Bd4 67. f5 Nd5 68. Be4 Ne3 69. Bd3 Kf6 70. Be4 Nxf5 71. Bd3 Nd6 72. Bf1 Bb6 73. Be2 Ke5 74. Bf1 Kd4 75. Be2 Kc5 76. Bf1 Nc4 77. Bh3 Ne3 78. Bd7 Nd5 79. Ba4 Nc7+ 80. Kb7 a5 81. Bd1 Nd5 82. Bb3 Nc3 0-1

[Event "CAN-ch"]
[Site "Toronto CAN"]
[Date "2024.04.02"]
[Round "10.8"]
[White "Vettese, Nicholas"]
[Black "Noritsyn, Sergey"]
[Result "0-1"]
[WhiteElo "2206"]
[BlackElo "2191"]
[PlyCount "80"]
[GameId "2160767740051104"]
[EventDate "2024.03.27"]
[EventType "swiss"]
[EventRounds "10"]
[EventCountry "CAN"]
[WhiteClock "0:30:58"]
[BlackClock "0:31:47"]

1. e4 c5 2. Nf3 e6 3. d4 cxd4 4. Nxd4 Nc6 5. Nc3 Nf6 6. Qd3 Bb4 7. a3 Be7 8. Nxc6 bxc6 9. e5 Nd5 10. Qg3 Kf8 11. Ne4 f5 12. Nd6 Bxd6 13. exd6 Ba6 14. c4 Nf6 15. f3 Kf7 16. Qe5 c5 17. Be3 Qb8 18. Rc1 Qb3 19. Qc3 Rab8 20. Bxc5 Qxb2 21. Bb4 Qxc3+ 22. Rxc3 Rhc8 23. Kd2 Rc6 24. Bd3 Ne8 25. c5 Bxd3 26. Kxd3 Rb5 27. Rd1 a5 28. Kc4 axb4 29. axb4 Rb7 30. b5 Rc8 31. Ra3 Nf6 32. Rda1 Rcb8 33. Ra5 e5 34. c6 dxc6 35. bxc6 Rb4+ 36. Kc5 Ke6 37. R1a4 Rb2 38. Rc4 Rd2 39. Rb5 Rd5+ 40. Kb4 Rdxb5+ 0-1

[Event "Excelsior August op"]
[Site "Toronto CAN"]
[Date "2023.08.11"]
[Round "1.1"]
[White "Ning, Eric"]
[Black "Vettese, Nicholas"]
[Result "0-1"]
[WhiteElo "2135"]
[BlackElo "2414"]
[PlyCount "56"]
[GameId "2160767907059935"]
[EventDate "2023.08.11"]
[EventType "swiss"]
[EventRounds "5"]
[EventCountry "CAN"]

1. d4 d5 2. c4 c6 3. e3 Nf6 4. Nf3 Bf5 5. Nc3 e6 6. Nh4 Be4 7. f3 Bg6 8. Nxg6 hxg6 9. Qb3 Qc7 10. f4 Nbd7 11. Bd2 dxc4 12. Bxc4 a6 13. a4 a5 14. O-O-O Bb4 15. h3 O-O 16. Qc2 b5 17. axb5 cxb5 18. Nxb5 Qb7 19. Kb1 Rfc8 20. Qb3 Ne4 21. Be1 Bxe1 22. Rhxe1 a4 23. Qb4 a3 24. b3 Nb6 25. Bd3 Nf2 26. Nd6 Nxd1 27. Nxc8 Qxc8 28. Rxd1 Nd5 0-1

[Event "Excelsior August op"]
[Site "Toronto CAN"]
[Date "2023.08.12"]
[Round "2.1"]
[White "Vettese, Nicholas"]
[Black "Wiebe, Isaac"]
[Result "1-0"]
[WhiteElo "2414"]
[BlackElo "2251"]
[PlyCount "88"]
[GameId "2160767907068134"]
[EventDate "2023.08.11"]
[EventType "swiss"]
[EventRounds "5"]
[EventCountry "CAN"]

1. e4 e5 2. Nf3 Nc6 3. d4 exd4 4. Nxd4 Bc5 5. Nb3 Bb6 6. Qe2 Nge7 7. Nc3 O-O 8. Be3 f5 9. O-O-O f4 10. Bxb6 axb6 11. a3 d6 12. Qd2 Ne5 13. Nd4 N7c6 14. Ndb5 Be6 15. Nd5 Bxd5 16. exd5 Ne7 17. Nd4 Rf6 18. Ne6 Qd7 19. Nxf4 N5g6 20. Nxg6 Rxg6 21. g3 c5 22. h4 b5 23. Bh3 Qc7 24. h5 Rf6 25. Be6+ Kh8 26. h6 Nf5 27. Bxf5 Rxf5 28. g4 Rf3 29. g5 g6 30. Rhe1 Qf7 31. Kb1 Rxf2 32. Qc3+ Kg8 33. Re6 Rd8 34. Qa5 Rf8 35. Qxb5 Qf5 36. Qc4 Qxg5 37. Rxd6 Qxh6 38. Rd7 Qf4 39. Qc3 Qf6 40. Qxc5 Qf3 41. Qd4 Qxd1+ 42. Qxd1 Rf1 43. Kc1 Rxd1+ 44. Kxd1 g5 1-0

[Event "Excelsior August op"]
[Site "Toronto CAN"]
[Date "2023.08.12"]
[Round "3.1"]
[White "Moses, Neil"]
[Black "Vettese, Nicholas"]
[Result "1/2-1/2"]
[WhiteElo "2023"]
[BlackElo "2414"]
[PlyCount "46"]
[GameId "2160767907068142"]
[EventDate "2023.08.11"]
[EventType "swiss"]
[EventRounds "5"]
[EventCountry "CAN"]

1. e4 c5 2. Nf3 e6 3. d4 cxd4 4. Nxd4 Nc6 5. Nc3 Qc7 6. Be3 a6 7. Be2 Nf6 8. O-O Be7 9. f4 d5 10. exd5 exd5 11. Bf3 O-O 12. Nxd5 Nxd5 13. Bxd5 Rd8 14. Bxc6 bxc6 15. Qf3 Bb7 16. Nb3 c5 17. Qf2 Rac8 18. Rad1 Rxd1 19. Rxd1 h5 20. Qe2 h4 21. Qg4 Rd8 22. Rxd8+ Qxd8 23. Qe2 c4 1/2-1/2

[Event "Excelsior August op"]
[Site "Toronto CAN"]
[Date "2023.08.13"]
[Round "4.1"]
[White "Vettese, Nicholas"]
[Black "Chiku-Ratte, Olivier-Kenta"]
[Result "1/2-1/2"]
[WhiteElo "2414"]
[BlackElo "2403"]
[PlyCount "78"]
[GameId "2160767907068150"]
[EventDate "2023.08.11"]
[EventType "swiss"]
[EventRounds "5"]
[EventCountry "CAN"]

1. e4 c5 2. Nf3 d6 3. d4 cxd4 4. Nxd4 Nf6 5. Nc3 Nc6 6. f3 e5 7. Nb3 Be6 8. Nd5 Be7 9. c4 O-O 10. Be3 Nd7 11. Qd2 Nc5 12. Nxe7+ Qxe7 13. Be2 Rfd8 14. O-O f6 15. Rfd1 Bf7 16. Bf1 Rac8 17. Rac1 g5 18. Na1 Ne6 19. Nc2 b6 20. Bf2 Kh8 21. Ne3 Bg6 22. Rc3 Ncd4 23. Nc2 Nxc2 24. Rxc2 g4 25. fxg4 Ng5 26. Bh4 Nxe4 27. Qc1 Qe6 28. h3 Kg7 29. Be2 h6 30. Bd3 d5 31. cxd5 Rxc2 32. Qxc2 Qxd5 33. Be2 Qc5+ 34. Qxc5 Rxd1+ 35. Bxd1 Nxc5 36. Be1 Nd3 37. Bc3 Bf7 38. a3 Bd5 39. g3 Nc5 1/2-1/2

[Event "Excelsior August op"]
[Site "Toronto CAN"]
[Date "2023.08.13"]
[Round "5.1"]
[White "Vettese, Nicholas"]
[Black "Li, William"]
[Result "1/2-1/2"]
[WhiteElo "2414"]
[BlackElo "2272"]
[PlyCount "122"]
[GameId "2160767907068157"]
[EventDate "2023.08.11"]
[EventType "swiss"]
[EventRounds "5"]
[EventCountry "CAN"]

1. e4 c5 2. Nf3 Nc6 3. Bb5 d6 4. c3 Nf6 5. d3 Bd7 6. O-O a6 7. Ba4 g6 8. Re1 Bg7 9. Nbd2 Ne5 10. Nxe5 dxe5 11. Bc2 O-O 12. a4 b5 13. axb5 axb5 14. Ra5 Ra7 15. Rxa7 Qb8 16. Ra8 Qxa8 17. Nb3 Rc8 18. Be3 c4 19. Nc5 Bc6 20. f3 e6 21. Qe2 Nd7 22. dxc4 Nxc5 23. Bxc5 Be8 24. b4 bxc4 25. Rd1 Bf8 26. Bxf8 Kxf8 27. Qd2 Qa7+ 28. Kh1 Qa2 29. h4 Ra8 30. h5 gxh5 31. Kh2 f6 32. Rf1 Ke7 33. Rf2 Ba4 34. Qh6 Rf8 35. f4 exf4 36. e5 fxe5 37. Qxh7+ Rf7 38. Qxf7+ Kxf7 39. Bg6+ Kxg6 40. Rxa2 Bc6 41. Ra6 Bd5 42. b5 Kf5 43. Rd6 Ke4 44. b6 Bb7 45. Rd7 Ba8 46. Kg1 Ke3 47. Kf1 h4 48. Ra7 Be4 49. b7 Bxb7 50. Rxb7 Kd3 51. Rb5 e4 52. Re5 f3 53. gxf3 exf3 54. Rxe6 Kxc3 55. Ke1 Kd3 56. Kf2 c3 57. Rd6+ Ke4 58. Rc6 Kd3 59. Rd6+ Ke4 60. Rc6 Kd3 61. Rd6+ Ke4 1/2-1/2

[Event "Excelsior June op"]
[Site "Toronto CAN"]
[Date "2023.06.24"]
[Round "2.7"]
[White "Vettese, Nicholas"]
[Black "Guo, Anni"]
[Result "1-0"]
[WhiteElo "2390"]
[BlackElo "1959"]
[PlyCount "69"]
[GameId "2160767907140921"]
[EventDate "2023.06.23"]
[EventType "swiss"]
[EventRounds "5"]
[EventCountry "CAN"]

1. e4 g6 2. d4 Bg7 3. Nc3 d6 4. Be3 a6 5. h4 h5 6. Qd2 b5 7. f3 e6 8. Bg5 Ne7 9. Nce2 Nd7 10. O-O-O Bb7 11. Nh3 Rc8 12. Nf2 d5 13. e5 c5 14. f4 Qc7 15. dxc5 Nxc5 16. Nd4 Nc6 17. Nxc6 Qxc6 18. Kb1 Rc7 19. Bd3 Kd7 20. g4 hxg4 21. Nxg4 Nxd3 22. cxd3 d4 23. Bf6 Bxf6 24. Nxf6+ Kc8 25. Ne4 Kb8 26. Rc1 Qd7 27. Rxc7 Qxc7 28. Rc1 Qe7 29. Nd6 Rxh4 30. Qa5 Rh8 31. Qb6 f6 32. exf6 Qd7 33. f7 Rf8 34. Nxb7 Qxb7 35. Qd6+ 1-0

[Event "Excelsior June op"]
[Site "Toronto CAN"]
[Date "2023.06.24"]
[Round "3.4"]
[White "Luger, Sam"]
[Black "Vettese, Nicholas"]
[Result "0-1"]
[WhiteElo "2097"]
[BlackElo "2390"]
[PlyCount "34"]
[GameId "2160767907140932"]
[EventDate "2023.06.23"]
[EventType "swiss"]
[EventRounds "5"]
[EventCountry "CAN"]

1. d4 Nf6 2. c4 c6 3. Nf3 d5 4. g3 Bg4 5. Ne5 Bf5 6. Qb3 Qb6 7. cxd5 Nxd5 8. Bd2 Qxd4 9. Qxb7 Qxe5 10. Qxa8 Qc7 11. Bg2 Nb6 12. Bxc6+ Kd8 13. Qb7 Nxc6 14. Qa6 Nb4 15. Qa5 Nc2+ 16. Kf1 Bh3+ 17. Kg1 Nxa1 0-1

[Event "Excelsior June op"]
[Site "Toronto CAN"]
[Date "2023.06.25"]
[Round "4.2"]
[White "Vettese, Nicholas"]
[Black "Nagy, Gabor"]
[Result "0-1"]
[WhiteElo "2390"]
[BlackElo "2549"]
[PlyCount "148"]
[GameId "2160767907140943"]
[EventDate "2023.06.23"]
[EventType "swiss"]
[EventRounds "5"]
[EventCountry "CAN"]

1. e4 e5 2. Nf3 Nc6 3. d4 exd4 4. Nxd4 Bc5 5. Nb3 Bb4+ 6. c3 Be7 7. g3 Nf6 8. Bg2 O-O 9. O-O Re8 10. Re1 Bf8 11. Bf4 d6 12. N1d2 Ne5 13. Qc2 Ng6 14. Bg5 h6 15. Bxf6 Qxf6 16. a4 c6 17. a5 Qd8 18. Nd4 Qc7 19. a6 bxa6 20. e5 Rxe5 21. Nxc6 Rxe1+ 22. Rxe1 Bb7 23. Nb4 Bxg2 24. Kxg2 Rb8 25. Qe4 Qc8 26. Nc4 Rb5 27. Nd5 Qb7 28. Rd1 a5 29. Nxa5 Qd7 30. Nc4 Qe6 31. Qf3 Qc8 32. Qd3 Rb8 33. b4 Qg4 34. Nce3 Qd7 35. Qd4 Rb7 36. f4 Qa4 37. Rd2 a5 38. Nf5 axb4 39. cxb4 Qc6 40. Qe4 Qc8 41. h4 h5 42. Rc2 Qe6 43. Kf3 Qd7 44. Kg2 Qe6 45. Kf3 Qd7 46. Nfe3 Rb5 47. Kg2 Rb8 48. Qf5 Qe6 49. Qxh5 Ne7 50. Qf3 Nxd5 51. Nxd5 Re8 52. b5 Qe1 53. b6 Qb1 54. Re2 Re6 55. f5 Re5 56. f6 g6 57. Ne7+ Kh7 58. Rxe5 dxe5 59. Qd5 Kh6 60. Ng8+ Kh7 61. Qxf7+ Kh8 62. Qc4 Qxb6 63. Kh3 Qb7 64. f7 Kg7 65. Qe6 Qxf7 66. Qxe5+ Kxg8 67. h5 gxh5 68. Qg5+ Kh7 69. g4 Qf3+ 70. Kh4 Qh1+ 71. Kg3 Bd6+ 72. Kf2 Qh2+ 73. Kf1 Qh3+ 74. Kf2 Bg3+ 0-1

[Event "Excelsior June GM Norm"]
[Site "Toronto CAN"]
[Date "2023.06.19"]
[Round "1"]
[White "Vettese, Nicholas"]
[Black "Sambuev, Bator"]
[Result "1/2-1/2"]
[WhiteElo "2283"]
[BlackElo "2448"]
[PlyCount "38"]
[GameId "2160767907141094"]
[EventDate "2023.06.18"]
[EventType "tourn"]
[EventRounds "9"]
[EventCountry "CAN"]
[SourceTitle "CBM 215 Extra"]
[Source "ChessBase"]
[SourceDate "2023.09.30"]
[SourceVersion "1"]
[SourceVersionDate "2023.09.30"]
[SourceQuality "1"]

1. e4 e5 2. Nf3 Nc6 3. Bb5 a6 4. Ba4 d6 5. c3 f5 6. exf5 Bxf5 7. O-O Bd3 8. Re1 Be7 9. Qb3 Rb8 10. Qd5 Bf5 11. Bb3 Nf6 12. Qf7+ Kd7 13. d4 Rf8 14. Qxg7 e4 15. d5 Ne5 16. Nxe5+ dxe5 17. Na3 Rg8 18. Qf7 Rf8 19. Qg7 Rg8 1/2-1/2